Educare alla diversità religiosa: note dal percorso formativo del master in dialogo interreligioso
| Contributors: | ; |
|---|---|
| Format: | Print Book |
| Language: | Italian |
| Subito Delivery Service: | Order now. |
| Check availability: | HBZ Gateway |
| WorldCat: | WorldCat |
| Interlibrary Loan: | Interlibrary Loan for the Fachinformationsdienste (Specialized Information Services in Germany) |
| Published: |
Venezia
ISE San Bernardino
2020
|
| In: |
Studi ecumenici (41)
Year: 2020 |
| Series/Journal: | Studi ecumenici
41 |
| Standardized Subjects / Keyword chains: | B
Interfaith dialogue
|
| Further subjects: | B
Collection of essays
|
| Online Access: |
Table of Contents Blurb |
MARC
| LEADER | 00000cam a2200000 c 4500 | ||
|---|---|---|---|
| 001 | 1742586546 | ||
| 003 | DE-627 | ||
| 005 | 20251226190919.0 | ||
| 007 | tu | ||
| 008 | 201211s2020 it ||||| 00| ||ita c | ||
| 035 | |a (DE-627)1742586546 | ||
| 035 | |a (DE-599)KXP1742586546 | ||
| 035 | |a (OCoLC)1227306614 | ||
| 035 | |a (ZDB-21-EIL)4723695 | ||
| 040 | |a DE-627 |b ger |c DE-627 |e rakwb | ||
| 041 | |a ita | ||
| 044 | |c XA-IT | ||
| 050 | 0 | |a BL | |
| 082 | 0 | |a 201 | |
| 084 | |a 1 |a 0 |2 ssgn | ||
| 245 | 0 | 0 | |a Educare alla diversità religiosa |b note dal percorso formativo del master in dialogo interreligioso |c a cura di M. Dal Corso, D. Vannozzi |
| 264 | 1 | |a Venezia |b ISE San Bernardino |c 2020 | |
| 300 | |a 269 Seiten |c 21 cm | ||
| 336 | |a Text |b txt |2 rdacontent | ||
| 337 | |a ohne Hilfsmittel zu benutzen |b n |2 rdamedia | ||
| 338 | |a Band |b nc |2 rdacarrier | ||
| 490 | 1 | |a Quaderni di Studi Ecumenici |v 41 | |
| 500 | |a Includes bibliographical references | ||
| 583 | 1 | |a Archivierung/Langzeitarchivierung gewährleistet |f SSG |x XA-DE-BW |2 pdager |5 DE-21 | |
| 655 | 7 | |a Aufsatzsammlung |0 (DE-588)4143413-4 |0 (DE-627)105605727 |0 (DE-576)209726091 |2 gnd-content | |
| 689 | 0 | 0 | |d s |0 (DE-588)4192352-2 |0 (DE-627)105235164 |0 (DE-576)210079924 |2 gnd |a Interreligiöser Dialog |
| 689 | 0 | |5 (DE-627) | |
| 700 | 1 | |e HerausgeberIn |0 (DE-588)1056201568 |0 (DE-627)794486797 |0 (DE-576)412691035 |4 edt |a Dal Corso, Marco |d 1963- | |
| 700 | 1 | |a Vannozzi, Dario |e HerausgeberIn |4 edt | |
| 830 | 0 | |a Studi ecumenici |n Quaderni |v 41 |9 41 |w (DE-627)329556126 |w (DE-576)091352878 |w (DE-600)2047732-6 |x 0393-3687 |7 am | |
| 856 | 4 | 2 | |u https://swbplus.bsz-bw.de/bsz1742586546inh.htm |m V:DE-576;B:DE-21 |q application/pdf |v 20210126173306 |3 Inhaltsverzeichnis |7 1 |
| 856 | 4 | 2 | |u https://swbplus.bsz-bw.de/bsz1742586546kla.htm |m V:DE-576;B:DE-21 |q application/pdf |v 20210126173306 |3 Klappentext |7 1 |
| 951 | |a BO | ||
| ACO | |a 1 | ||
| ELC | |b 1 | ||
| ITA | |a 1 |t 1 | ||
| LOK | |0 000 xxxxxcx a22 zn 4500 | ||
| LOK | |0 001 3827387396 | ||
| LOK | |0 003 DE-627 | ||
| LOK | |0 004 1742586546 | ||
| LOK | |0 005 20230227154821 | ||
| LOK | |0 008 201218||||||||||||||||ger||||||| | ||
| LOK | |0 040 |a DE-21 |c DE-627 |d DE-21 | ||
| LOK | |0 852 |a DE-21 | ||
| LOK | |0 852 1 |c ZA 9965-41/42.2020 |9 00 | ||
| LOK | |0 935 |a theo | ||
| LOK | |0 936ln |a t11 | ||
| LOK | |0 938 |a 2101 |f 2 | ||
| LOK | |0 939 |a 18-12-20 |b l01 | ||
| ORI | |a SA-MARC-ixtheoa001.raw | ||
| REL | |a 1 | ||
| STA | 0 | 0 | |a Interfaith dialogue,Interreligious relations,Interreligious dialog,Interreligious encounter |
| STB | 0 | 0 | |a Dialogue interreligieux,Dialogue interreligieux |
| STC | 0 | 0 | |a Diálogo interreligioso,Diálogo inter-religioso |
| STD | 0 | 0 | |a Dialogo interreligioso,Dialogo interreligioso |
| STE | 0 | 0 | |a 宗教间关系 |
| STF | 0 | 0 | |a 宗教間關係 |
| STG | 0 | 0 | |a Diálogo inter-religioso,Diálogo inter-religioso |
| STH | 0 | 0 | |a Межрелигиозный диалог |
| STI | 0 | 0 | |a Διαθρησκειακός διάλογος |
| SUB | |a REL | ||
| SYG | 0 | 0 | |a Interreligiöse Beziehung,Interreligiöse Begegnung,Interreligiöser Kontakt,Religionskontakt |



